000 00594nam a2200229Ia 4500
003 OSt
005 20231012104024.0
008 210331s9999||||xx |||||||||||||| ||und||
020 _a9789381136911
040 _cSTCPL
041 _aENG
082 _a581.63
_bAHU-E
100 _aAhuja, M. N.
245 0 _aEthnobotany :
_b The renaissance of traditional herbal medicine /
_cby M. N. Ahuja
260 _aNew Delhi :
_bAbhijeet Publications ,
_c2012.
300 _a238 p.
_bHB
650 _aBotany
650 _aHerbal medicine
650 _aEthnobotany
942 _cBK
942 _2ddc
999 _c67306
_d67306